El Partido Revolucionario de Unificación Democrática: un estudio de las ideologías radicales en la formación social salvadoreña 1948-1960
Uloženo v:
| Hlavní autor: | |
|---|---|
| Médium: | Text |
| Vydáno: |
San José:
s.e.
|
| Tagy: |
Přidat tag
Žádné tagy, Buďte první, kdo vytvoří štítek k tomuto záznamu!
|
MARC
| LEADER | 00000 a a2200000 04500 | ||
|---|---|---|---|
| 001 | 21491 | ||
| 003 | |||
| 040 | |||
| 090 | |a 094900 | ||
| 100 | |a Cáceres Prendes, Jorge | ||
| 245 | |a El Partido Revolucionario de Unificación Democrática: un estudio de las ideologías radicales en la formación social salvadoreña 1948-1960 | ||
| 260 | |a San José: |b s.e. | ||
| 300 | |a 120 p. | ||
| 999 | |c 16480 |d 16480 | ||
